Countries Spelled Backward #1 - Statistics

General Stats
  • This quiz has been taken 113 times
  • The average score is 14 of 15
Answer Stats
Hint Answer % Correct
samahab Bahamas
98%
aertire Eritrea
98%
sdnalrehten Netherlands
98%
augaracin Nicaragua
98%
adanac Canada
96%
aihcezc Czechia
96%
aidni India
96%
ocixem Mexico
96%
aisenorcim Micronesia
96%
emanirus Suriname
96%
eyikrüt Türkiye
96%
learsi Israel
95%
napaj Japan
95%
enitselap Palestine
95%
nawiat Taiwan
95%
No matching quizzes found
Score Distribution
Percent of People with Each Score
Percentile by Number Answered
Your Score History
You have not taken this quiz